000 nam a22 7a 4500
999 _c8828
_d8828
008 180120b ||||| |||| 00| 0 eng d
100 _aSahgal.A.
_95077
245 _aEnvironmental Studies
260 _aNew Delhi
_bS. Chand
_c2004